<?xml version="1.0" encoding="UTF-8"?>
<marc:record xmlns:marc="http://www.loc.gov/MARC21/slim">
   <marc:leader>00000nam a2200000 a 4500</marc:leader>
   <marc:datafield ind1="1" ind2=" " tag="100">
      <marc:subfield code="a">Diaz, David Clay</marc:subfield>
   </marc:datafield>
   <marc:datafield ind1="0" ind2="0" tag="245">
      <marc:subfield code="a">Me We</marc:subfield>
   </marc:datafield>
   <marc:datafield ind1=" " ind2="1" tag="264">
      <marc:subfield code="a">Wien</marc:subfield>
      <marc:subfield code="b">edition Filmladen</marc:subfield>
      <marc:subfield code="c">2022</marc:subfield>
   </marc:datafield>
   <marc:datafield ind1="1" ind2=" " tag="490">
      <marc:subfield code="a">6</marc:subfield>
   </marc:datafield>
   <marc:datafield ind1="1" ind2=" " tag="520">
      <marc:subfield code="a">Vier ineinander verwobene Geschichten erzählen in dieser Tragikomödie von Flucht, Migration und unseres und Europas alltäglichen Umgangs damit. Marie, eine junge Freiwillige, fährt ans Mittelmeer, um zu helfen. Der halbstarke Marcel gründet einen Geleitschutz für Frauen aus Angst vor angeblichen übergriffigen Migranten. Die Redakteurin Petra nimmt einen minderjährigen Flüchtling bei sich auf. Und der Asylheimleiter Gerald wird von einem seiner Schützlinge auf eine harte Probe gestellt.</marc:subfield>
   </marc:datafield>
   <marc:datafield ind1=" " ind2=" " tag="020">
      <marc:subfield code="a">9120026073305</marc:subfield>
      <marc:subfield code="9">9120026073305</marc:subfield>
   </marc:datafield>
   <marc:datafield ind1="0" ind2=" " tag="490">
      <marc:subfield code="v">0</marc:subfield>
   </marc:datafield>
   <marc:datafield ind1=" " ind2=" " tag="300">
      <marc:subfield code="a">ca. 114 Min.</marc:subfield>
   </marc:datafield>
</marc:record>
